Sudden Death: Names of British Monarchs - Statistics

General Stats
  • This quiz has been taken 211 times
  • The average score is 3 of 7
Answers on the Grid
Answers color-coded by a green-red scale on the quiz's grid according to % correct below.
Edgar
Anne
Richard
Edward
Edmund
Patrick
Boudicca
George
Jessica
Charles
Sylvester
James
Elizabeth
Alfred
William
Harold
Marianne
Victoria
Olivia
Matilda
 
Answer Stats
Answer % Correct
Anne
67%
Elizabeth
43%
Charles
41%
Victoria
39%
George
37%
Edward
35%
William
22%
No matching quizzes found
Score Distribution
Percent of People with Each Score
Percentile by Number Answered
Your Score History
You have not taken this quiz